000 00273nam a2200109Ia 4500
008 230907s9999||||xx |||||||||||||| ||und||
082 _a620.5
_bNAN
245 0 _aNanofluids :
260 _aWiley-Interscience,
_bHoboken, N.J. :
_c2008
300 _axi, 397 p. :
942 _cBK
999 _c597738
_d597738